01194nam a22003135i 4500001000700000003000900007005001700016008004100033020001800074080001900092080001800111245016900129260004700298300004200345490004000387500001400427504002000441594003700461650002800498650001900526700002700545700002800572700002600600700002900626830004800655852003500703999001900738952012300757176162ES-MaACL20230906220017.0101221s1980 sp a |||| | spa d a84-345-1954-2 a616.441-008.64 a616.441-006.500aHipotiroidismo y bocio / cdirectores, David Evered, Reginald Hall ; consejo editorial G. M. Besser... [et al.] ; [traducción del inglés a cargo de E. Gelpí]. aBarcelona [etc.] : bSalvat, cD. L. 1980. aX, 266 p. : bil. bl. y n. ; c25 cm.1 aClínica endocrinológica ; v7/1 aÍndice. aBibliografía. aTít. original: Hypothyroidism.04aHipotiroidismo.9144434 4aBocio.91444331 aEvered, David.91444291 aHall, Reginald.91444301 aBesser, G. M.91444311 aGelpí, Emilio.91444320 aClínica endocrinológica ; v7/19189956 aES-MaACLjE-13856 xOlim P-263 c176162d176162 00104070aATENEOMbATENEOMcDEPO2d2010-12-21eDONl0oE-13856p1185012r2023-02-23 00:00:00w2023-02-23yMONOGRAFIA